| 000 | 00884nam a22002177a 4500 | ||
|---|---|---|---|
| 005 | 20171129111607.0 | ||
| 010 | _aUR-9864 | ||
| 020 | 6 | _c30.00 | |
| 035 | _aU-8419 | ||
| 037 | _bDBAD/PUB | ||
| 082 | _a270 | ||
| 100 | _aمحمد ا قبا ل ملا | ||
| 245 |
_a و حد ت ا د یا ن کی حقیقت _cمحمد ا قبا ل ملا |
||
| 246 |
_b _aWahdat-e-Adyan Ki Haqiqat |
||
| 250 | _aby Mohd. Iqbal Mulla | ||
| 260 |
_a نئی د لی _bMerkazi Maktaba Islami Publishers _c2015 |
||
| 270 |
_aD307,Dawat Nagar,Abul Fazal Enclave,Jamia Nagar , _b New Delhi _e110025 _k01126971652 _l- |
||
| 300 |
_a64ص _c22 Cm.(B.b) |
||
| 500 | _aدو حصہ | ||
| 942 |
_2ddc _cUR _h270 _mم ح م _e |
||
| 999 |
_c147043 _d147043 |
||